Statystyki dla Quiz o Islandii

Kliknij tutaj aby rozwiązać quiz!

Ogólne statystyki

  • Ten quiz został rozwiązany 1 590 razy
    (979 od ostatniego zresetowania)
  • Średni wynik to 9 z 19

Statystyki odpowiedzi

WskazówkaOdpowiedź% Poprawnych
Język urzędowyIslandzki
98%
Stolica IslandiiReykjavik
98%
Grupa ludzi, którzy osiedlili się na Islandii w 874 r.Wikingowie
84%
Kraj, od którego Islandia uzyskała niepodległość w 1918 r.Dania
78%
Waluta IslandiiKorona islandzka
70%
Na osobę, Islandia zjada tego więcej niż inny kraj z wyjątkiem MalediwówRyba
70%
Czym są Eyjafjallajökull i Öræfajökull?Wulkany
56%
Rodzaj biomu, który obejmuje 62,7% Islandii (zaczyna się na literę T)Tundra
52%
Gałąź protestancka, do której należy Kościół IslandiiLuteranizm
49%
Wraz z Japonią, Islandia jest jednym z niewielu krajów, w którym ludzie
mogą polować na te zwierzęta
Wieloryby
43%
Islandia otrzymuje 30% swojego prądu z tego rodzaju energii (zaczyna się na G)Geotermalna
42%
Wyspa zasiedlona przez Eryka Rudego pod koniec X wiekuGrenlandia
40%
Tradycyjna opowieść o osadnictwie i historii Islandii (zaczyna się na literę S)Saga
39%
Mały ptak morski z pomarańczowym dziobem, który jest czasami spożywanyMaskonur
28%
Prąd oceaniczny, który sprawia, że Islandia jest cieplejsza niż w innym przypadkuPrąd {Zatokowy}
25%
Alþingi, założony w 930 r,, jest uznawany za najstarszy na świecie ________,
o co najmniej 200 lat starszy od angielskiego
Parlament
20%
W większości podwodne pasmo górskie, którego częścią jest IslandiaGrzbiet {Śródatlantycki}
16%
Syn Eryka Rudego, który założył osadę Vinland we współczesnej KanadzieLeif Eriksson
15%
Wskaźnik lesistości na Islandii (z dokładnością do 0,01%)0,49%
12%

Rozkład punktacji

Percentyl według liczby udzielonych odpowiedzi

Procent ludzi z każdym wynikiem

Twoja historia wyników

Nie rozwiązałeś tego quizu od ostatniego zresetowania